000 00622nam a2200205 a 4500
005 20250227063828.0
008 040223s2003 mx r 000 0 spa d
020 _a9682467926
035 _aUPN01000132092
049 _aCG
050 4 _aLB1028.43
_bB3.3
100 1 _aBaños López, Rosa Aurora
_939816
245 1 0 _aCómo enseñar a investigar en internet /
_cRosa Aurora Baños López.
260 _aMéxico :
_bTrillas,
_c2003.
300 _a128 p. :
_bil.
650 4 _aInternet en la educación
_9602
650 4 _aComputadoras en la educación
_94976
650 4 _aTecnología educativa
_94978
905 _aLibro
999 _c104247
_d104247